000 00487cam a22001577a 4500
008 180718b1957 xxu||||| |||| 00| 0 eng d
082 _aDx73 K643
100 _aKissinger, Henry A.
245 _aNuclear weapons and foreign policy
_cby Henry A. Kissinger
260 _aNew York
_bHarper
_c1957
300 _a463p.
650 _aUnited States --Foreign relations --1945-
650 _aUnited States --Military policy
650 _aNuclear warfare
650 _aWorld politics --1945-1989
999 _c369419
_d369419